000 01288nam0a2200313 i 4500
001 RU\NLR\BIBL_A\011373218
005 20241106063332.0
010 _a9785861031691
_910000
021 _aRU
_b2017-21993
_91634
035 _a(RuMoRGB)008838063
035 _a(NLR Aleph) 011373218
090 _a11363310
_c11363310
100 _a20170424d2017 u y0rusy50 ca
101 0 _arus
102 _aRU
105 _aac||z|||000zy
200 1 _aМалый архитектурный навигатор экскурсовода
_eпо истории архитектуры Москвы
_fАлексей Гизюк
_gЦентр подготовки туристических кадров (Турцентр)
210 _aМосква
_cАдамантЪ
_d2017
215 _a159 с.
_cил., портр.
_d17
300 _aНа 3-й с. авт.: Гизюк А.И., к.т.н.
320 _aБиблиогр.: с. 158-159 (15 назв.)
607 _aМосква, город
_xАрхитектура
_91019623
_3RU\NLR\AUTH\6671729
686 _aН0(2Р=Р)92Москва.я2
_2rubbk
686 1 _aЩ113(2Р=Рус)92Москва
700 1 _aГизюк
_bА.И.
_gАлексей Иванович
942 _cBOOK
980 _aNBR